|
|
|
|
| LEADER |
00000nab a2200000 a 4500 |
| 001 |
vtls000039579 |
| 003 |
SK-MaSNL |
| 005 |
20260304073536.0 |
| 008 |
250422c1979 xo 0 slo |
| 015 |
|
|
|a SNBRB19rr/mm-uuuuu
|
| 035 |
|
|
|a CL0049674
|
| 035 |
|
|
|a urn:nbn:sk:snk-abb80m
|
| 035 |
|
|
|a (urnnbn)urn:nbn:sk:snk:ar-000py3
|
| 035 |
|
|
|a (uuid)10d43031-2f13-4240-b17d-e1e147bd3baf
|
| 040 |
|
|
|a SNKBUCL
|b slo
|c SNKBUCL
|e AACR2
|
| 041 |
0 |
|
|a eng
|
| 044 |
|
|
|a xo
|c SK
|
| 080 |
|
|
|a 582.2/.3
|2 1981
|
| 100 |
1 |
|
|a Kocková-Kratochvílová, Anna,
|d 1915-1992
|4 aut
|9 38538
|
| 245 |
1 |
4 |
|a The Heterogenity of the Genus Trichosporon Behrend
|c Anna Kocková-Kratochvílová, Elena Sláviková, Juraj Zemek, Ľudovít Kuniak, Jozef Augustín
|
| 300 |
|
|
|b Tb. 4. Graf 1. Res. slov., rus.
|
| 650 |
0 |
7 |
|a kvasinky
|2 snkbucl
|9 16201
|
| 650 |
0 |
7 |
|a Trichosporon Behrend
|2 snkbucl
|9 1362278
|
| 655 |
|
7 |
|a články z novín a časopisov
|2 snkbucl
|9 267496
|
| 700 |
1 |
|
|a Sláviková, Elena
|4 aut
|9 6075
|
| 700 |
1 |
|
|a Zemek, Juraj
|4 aut
|9 554069
|
| 700 |
1 |
|
|a Kuniak, Ľudovít
|4 aut
|9 224591
|
| 700 |
1 |
|
|a Augustín, Jozef,
|d 1935-
|4 aut
|9 37248
|
| 773 |
0 |
|
|t Biológia
|g Roč. 34, č. 3 (1979), s. 209-218
|
| 850 |
|
|
|a Slovenská národná knižnica
|
| 852 |
|
|
|a Slovenská národná knižnica
|
| 954 |
|
|
|a odborná, vedecká literatúra pôvodná (slovenská)
|2 lita
|
| 958 |
|
|
|a article15
|
| 958 |
|
|
|a RK
|
| 958 |
|
|
|a OND
|
| 958 |
|
|
|a EUIPO
|
| 992 |
|
|
|a RBX
|
| 999 |
|
|
|c 2772049
|d 2773979
|